000 00383nam a22001697a 4500
005 20160617164313.0
008 160617b xxu||||| |||| 00| 0 eng d
020 _a978-0-07-022178-9
041 _aeng
082 _b8042
100 _aAndraws, Sudhir
_92156
245 _aHow to succeed at interview
260 _bTMH
300 _a179
650 _aManagement
_9241
942 _cBK
999 _c3011
_d3010